Friends Casts - Statistics

General Stats
  • This quiz has been taken 310 times
  • The average score is 8 of 15
Answer Stats
Hint Answer % Correct
Rachel Green Jennifer Aniston
98%
Phoebe Buffay Lisa Kudrow
91%
Joey Tribbiani Matt LeBlanc
91%
Ross Geller David Schwimmer
90%
Chandler Bing Matthew Perry
90%
Mike Hannigan Paul Rudd
66%
Monica Geller Courteney Cox
59%
Ben Geller Cole Sprouse
51%
Janice Litman Maggie Wheeler
41%
Judy Geller Christina Pickles
34%
Jack Geller Elliott Gould
34%
Gunther James Michael Tyler
32%
Emily Waltham Helen Baxendale
29%
Carol Willick Jane Sibbett
15%
Susan Bunch Jessica Hecht
14%
No matching quizzes found
Score Distribution
Percent of People with Each Score
Percentile by Number Answered
Your Score History
You have not taken this quiz